000 00314nam a2200133 i 4500
001 bg
100 1 _aMOLSKI, M.
245 0 _aUkłady logiczne - zbiór zadań i testów /
_cM. Molski.
260 _aBydgoszcz,
_c1986.
040 _cBPK
041 _apol
942 _cKS
008 s pl f |000 0 pol
999 _c3272
_d3272
856 _uhttp://koha.tu.koszalin.pl/cgi-bin/koha/opac-detail.pl?biblionumber=3272
_yKatalog online BPK